| 000 | 00771nam a2200253 i 4500 | ||
|---|---|---|---|
| 999 |
_c49222 _d49222 |
||
| 001 | BINCO | ||
| 003 | CO-MdBIC | ||
| 005 | 20200319152001.0 | ||
| 008 | 200319t2002 uk a||ab |||| 00| 0 eng d | ||
| 020 | _a0-75257-607-0 | ||
| 040 |
_aCO-MdBIC _bspa. _cCO-MdBIC _dCO-MdBIC |
||
| 041 | _aeng | ||
| 082 | 0 | 4 |
_a813C _222 _bB33o |
| 100 | 1 |
_aBaxter, Nicola _tHad some pigs |
|
| 245 | 1 | 0 |
_aHad some pigs _c / Nicola Baxter ; Caroline Davis ; Parragon |
| 264 |
_aUSA : _bParragon ; _c©2002 |
||
| 300 |
_a[24 páginas] : _bIlustraciones a color , _c16 cm. |
||
| 490 | _aOld MacDonald | ||
| 500 | _aPara niños de 4 a 7 años | ||
| 650 | 1 | 4 | _aCuentos Infantiles estadounidenses |
| 700 |
_aBaxter, Nicola _eEscritor |
||
| 700 |
_aDavis, Caroline _eIlustrador |
||
| 942 | _cLGB | ||